Unión de las tres secciones de vapor. Jornaleros, Hiladores y tejedores mecanicos Jornaleros, Hiladores y tejedores mecanicos
Publicado:
Barcelona :
1871
Descripción Física:
1 p. 66 cm.
MARC
| LEADER | 00000nam a22000007a 4500 | ||
|---|---|---|---|
| 003 | Arxiu | ||
| 005 | 20260324181130.0 | ||
| 008 | 26267 | ||
| 245 | |a Unión de las tres secciones de vapor. |b Jornaleros, Hiladores y tejedores mecanicos | ||
| 260 | |a Barcelona |c 1871 | ||
| 300 | |a 1 p. |c 66 cm. | ||
| 610 | 2 | 0 | |a Escola Industrial de Barcelona |x Creació |9 3394 |
| 610 | 2 | 0 | |a Escola d'Enginyers Industrials de Barcelona |9 54316 |
| 650 | 0 | |2 Arxiu |9 37110 |a Indústria tèxtil | |
| 650 | 0 | |2 Arxiu |9 24260 |a Sindicalisme | |
| 650 | 0 | |2 Arxiu |9 38424 |a Moviment obrer |x Catalunya | |
| 942 | |c ARXIU |n 1 | ||
| 952 | |0 0 |1 0 |4 0 |6 RF1750 |7 1 |9 62799 |a Arxiu |b Arxiu |d 2020-10-14 |l 0 |o RF-17-50 |p 26267 |r 2022-07-15 00:00:00 |w 2022-07-15 |y ARXIU | ||
| 999 | |c 82289 |d 82289 | ||